| 000 | 00751nam a2200289Ia 4500 | ||
|---|---|---|---|
| 001 | 19186 | ||
| 003 | IT-RoPAU | ||
| 008 | 130308s9999 xx 000 0 und d | ||
| 040 | _aIT-RoPAU | ||
| 040 | _cIT-RoPAU | ||
| 041 | _aITALIANO | ||
| 100 | _aDi Carlo Luciano | ||
| 100 | _gCodice Aut. SPICS: 5527 | ||
| 245 | _aTraffico (Il) | ||
| 245 | _bFilm a luci Rosse-Il Traffico, la Legge, Il Piacere | ||
| 250 | _a1a ed. | ||
| 260 | _aFIRENZE | ||
| 260 | _bLiberoscambio | ||
| 260 | _c1983 [1° Ed.:1983 - Ed.Ling.Originale:1983] | ||
| 300 | _a"10 p. (prefazione: no ; testo: 10 [pagine: 79-88])" | ||
| 650 | _aSAGGI SUL CINEMA | ||
| 650 | _eCodice materia Spics: 6811 | ||
| 942 | _cBK | ||
| 957 | _71 | ||
| 999 |
_c55937 _d55937 |
||
| 999 | _bSI | ||
| 999 | _g1 | ||